[Event "San Cristobal de La Laguna op"]
[Site "San Cristobal de La Laguna ES"]
[Date "2024.08.24"]
[Round "1.19"]
[White "Ivanov, Mike"]
[Black "Diaz Reyes, Kyllian"]
[Result "1-0"]
[WhiteElo "2364"]
[BlackElo "2012"]
[WhiteFideId "-1"]
[WhiteFideId "-1"]
[PlyCount "50"]
[GameId "2130307537891952"]
[EventDate "2024.08.24"]
[EventType "swiss"]
[EventRounds "9"]
[EventCountry "ESP"]
[SourceTitle "10 Days #769"]
[Source "ChessMix "]
[SourceDate "2024.09.01"]
[SourceVersion "1"]
[SourceVersionDate "2024.09.01"]
[SourceQuality "1"]

1. Nf3 d5 2. g3 Nf6 3. Bg2 c5 4. O-O Nc6 5. d4 Bf5 6. c4 e6 7. cxd5 Nxd5 8. Nc3 Nxc3 9. bxc3 Be4 10. Qb3 cxd4 11. Nxd4 Bxg2 12. Kxg2 Qd5+ 13. Qxd5 exd5 14. Rb1 O-O-O 15. Be3 Na5 16. Nb5 a6 17. Bb6 axb5 18. Bxa5 Re8 19. e3 b4 20. cxb4 Bd6 21. Rfd1 Kd7 22. Rxd5 b6 23. Rbd1 bxa5 24. Rxd6+ Ke7 25. Rd7+ Ke6 1-0

[Event "San Cristobal de La Laguna op"]
[Site "San Cristobal de La Laguna ES"]
[Date "2024.08.25"]
[Round "2.19"]
[White "Kumar, Sanjit S"]
[Black "Ivanov, Mike"]
[Result "0-1"]
[WhiteElo "1908"]
[BlackElo "2364"]
[WhiteFideId "-1"]
[WhiteFideId "-1"]
[PlyCount "60"]
[GameId "2130307537896092"]
[EventDate "2024.08.24"]
[EventType "swiss"]
[EventRounds "9"]
[EventCountry "ESP"]
[SourceTitle "10 Days #769"]
[Source "ChessMix "]
[SourceDate "2024.09.01"]
[SourceVersion "1"]
[SourceVersionDate "2024.09.01"]
[SourceQuality "1"]

1. d4 Nf6 2. c4 Nc6 3. Nc3 e5 4. d5 Ne7 5. e4 Ng6 6. h4 h5 7. Bg5 Bc5 8. g3 d6 9. Bh3 Bxh3 10. Rxh3 Nf8 11. Qd2 N8d7 12. O-O-O a6 13. Kb1 b5 14. cxb5 axb5 15. f3 Qb8 16. b3 Qb6 17. Nge2 O-O 18. Qd3 Ra5 19. Rh2 Rfa8 20. Rg2 Qa6 21. Nc1 Bd4 22. Be3 Nc5 23. Qd2 Bxe3 24. Qxe3 b4 25. Na4 Nxa4 26. bxa4 Rxa4 27. g4 hxg4 28. fxg4 b3 29. Qxb3 Nxe4 30. g5 Ra3 0-1

[Event "San Cristobal de La Laguna op"]
[Site "San Cristobal de La Laguna ES"]
[Date "2024.08.25"]
[Round "3.4"]
[White "Ivanov, Mike"]
[Black "Ambartsumova, Karina"]
[Result "1/2-1/2"]
[WhiteElo "2364"]
[BlackElo "2404"]
[WhiteFideId "-1"]
[WhiteFideId "-1"]
[PlyCount "98"]
[GameId "2130307537896117"]
[EventDate "2024.08.24"]
[EventType "swiss"]
[EventRounds "9"]
[EventCountry "ESP"]
[SourceTitle "10 Days #769"]
[Source "ChessMix "]
[SourceDate "2024.09.01"]
[SourceVersion "1"]
[SourceVersionDate "2024.09.01"]
[SourceQuality "1"]

1. Nf3 Nf6 2. c4 e6 3. g3 d5 4. Bg2 dxc4 5. Na3 c5 6. Nxc4 Nc6 7. b3 Be7 8. Bb2 O-O 9. O-O Bd7 10. d4 b5 11. Nce5 Rc8 12. Nxd7 Qxd7 13. Rc1 Rfd8 14. dxc5 Qxd1 15. Rfxd1 Rxd1+ 16. Rxd1 Bxc5 17. Rc1 Nd7 18. Nd4 Nxd4 19. Bxd4 b4 20. Bb7 Rb8 21. Bxc5 Rxb7 22. Bd6 h5 23. Rc4 Nb6 24. Rxb4 Rd7 25. Bc5 Nd5 26. Rd4 Rc7 27. Rc4 f5 28. Bd4 Rd7 29. e3 Ne7 30. h4 Kf7 31. Kf1 g6 32. Ra4 Nc6 33. Ke2 e5 34. Bc3 Ke6 35. Rc4 Kd5 36. f3 Rb7 37. e4+ Kd6 38. Ke3 a5 39. f4 exf4+ 40. Kxf4 fxe4 41. Rxe4 Rf7+ 42. Ke3 Rf5 43. Rf4 Rc5 44. Bb2 Kd5 45. Ba3 Rc3+ 46. Kf2 Rc2+ 47. Ke3 Rxa2 48. Ra4 Ra1 49. Kf4 Rb1 1/2-1/2

[Event "San Cristobal de La Laguna op"]
[Site "San Cristobal de La Laguna ES"]
[Date "2024.08.26"]
[Round "4.4"]
[White "Grieve, Harry"]
[Black "Ivanov, Mike"]
[Result "0-1"]
[WhiteElo "2479"]
[BlackElo "2364"]
[WhiteFideId "-1"]
[WhiteFideId "-1"]
[PlyCount "86"]
[GameId "2130307537896160"]
[EventDate "2024.08.24"]
[EventType "swiss"]
[EventRounds "9"]
[EventCountry "ESP"]
[SourceTitle "10 Days #769"]
[Source "ChessMix "]
[SourceDate "2024.09.01"]
[SourceVersion "1"]
[SourceVersionDate "2024.09.01"]
[SourceQuality "1"]

1. e4 e6 2. d4 d5 3. Nc3 Bb4 4. e5 c5 5. a3 Bxc3+ 6. bxc3 Nc6 7. Qg4 g6 8. h4 Bd7 9. h5 Qa5 10. Bd2 O-O-O 11. hxg6 fxg6 12. a4 Rf8 13. f4 Nge7 14. dxc5 g5 15. Qxg5 Rhg8 16. Qh5 Rxf4 17. Bxf4 Qxc3+ 18. Kf2 Qxa1 19. Bd3 Qxa4 20. Ne2 Qb4 21. Bxh7 Qxc5+ 22. Kf3 Rf8 23. Qg5 Nf5 24. Bxf5 Rxf5 25. Qg7 Qxc2 26. Rh8+ Kc7 27. g3 Qe4+ 28. Kf2 Nxe5 29. Rf8 Rh5 30. Rh8 Rf5 31. Rf8 Rxf8 32. Qxf8 Kc6 33. Bxe5 Qxe5 34. Qb4 Qd6 35. Nd4+ Kc7 36. Qc3+ Kb8 37. g4 Qh2+ 38. Kf1 Qf4+ 39. Nf3 d4 40. Qa3 Bc6 41. Kf2 Qxf3+ 42. Qxf3 Bxf3 43. Kxf3 Kc7 0-1

[Event "San Cristobal de La Laguna op"]
[Site "San Cristobal de La Laguna ES"]
[Date "2024.08.27"]
[Round "5.1"]
[White "Ivanov, Mike"]
[Black "Stefansson, Vignir Vatnar"]
[Result "1/2-1/2"]
[WhiteElo "2364"]
[BlackElo "2526"]
[WhiteFideId "-1"]
[WhiteFideId "-1"]
[PlyCount "53"]
[GameId "2130307537900296"]
[EventDate "2024.08.24"]
[EventType "swiss"]
[EventRounds "9"]
[EventCountry "ESP"]
[SourceTitle "10 Days #769"]
[Source "ChessMix "]
[SourceDate "2024.09.01"]
[SourceVersion "1"]
[SourceVersionDate "2024.09.01"]
[SourceQuality "1"]

1. Nf3 d5 2. g3 Nc6 3. d4 Bf5 4. c4 e6 5. Bg2 Nb4 6. O-O Nc2 7. Nh4 Nxa1 8. Nxf5 exf5 9. Nc3 Qd7 10. cxd5 Bb4 11. Qd3 h6 12. Bd2 Ne7 13. Rxa1 Bxc3 14. bxc3 Nxd5 15. e4 Ne7 16. exf5 Qxf5 17. Qe2 Qe6 18. Qb5+ c6 19. Qxb7 O-O 20. Re1 Qxa2 21. Bxh6 gxh6 22. Qxe7 Rae8 23. Qxe8 Rxe8 24. Rxe8+ Kg7 25. Bxc6 Qa1+ 26. Kg2 Qxc3 27. d5 1/2-1/2

[Event "San Cristobal de La Laguna op"]
[Site "San Cristobal de La Laguna ES"]
[Date "2024.08.28"]
[Round "6.3"]
[White "Garcia Padron, Jose"]
[Black "Ivanov, Mike"]
[Result "0-1"]
[WhiteElo "2378"]
[BlackElo "2364"]
[WhiteFideId "-1"]
[WhiteFideId "-1"]
[PlyCount "114"]
[GameId "2130307537904436"]
[EventDate "2024.08.24"]
[EventType "swiss"]
[EventRounds "9"]
[EventCountry "ESP"]
[SourceTitle "10 Days #769"]
[Source "ChessMix "]
[SourceDate "2024.09.01"]
[SourceVersion "1"]
[SourceVersionDate "2024.09.01"]
[SourceQuality "1"]

1. Nf3 Nf6 2. d4 g6 3. Bf4 Bg7 4. e3 b6 5. Be2 Bb7 6. c4 c5 7. d5 b5 8. O-O bxc4 9. Nc3 d6 10. e4 Nbd7 11. Qc1 O-O 12. Bh6 Nb6 13. Bxg7 Kxg7 14. Nd2 e6 15. dxe6 fxe6 16. e5 Nfd5 17. Nce4 Nf4 18. Bf3 Nd3 19. Qc3 Nd5 20. Qxc4 Nxe5 21. Qe2 Qe7 22. Rfe1 Nf4 23. Qe3 Ned3 24. g3 Nxe1 25. Rxe1 Nd5 26. Qb3 Rab8 27. Bg2 Ba8 28. Qa3 Nb6 29. h4 h6 30. f4 Bd5 31. b3 Kg8 32. Kh2 Rbd8 33. Bh3 Qg7 34. Qa5 Kh8 35. Qa6 e5 36. fxe5 dxe5 37. Re2 Qc7 38. Qa5 Bxe4 39. Nxe4 Nd5 40. Qe1 Nf6 41. Nxf6 Rxf6 42. Rxe5 Qd6 43. Bg2 Qd4 44. Re7 Rd7 45. Re8+ Kg7 46. Re4 Qf2 47. Re7+ Rxe7 48. Qxe7+ Rf7 49. Qe5+ Kh7 50. Qd5 h5 51. Qe6 Qf5 52. Qe8 Kg7 53. Qe3 Rc7 54. Qc3+ Qf6 55. Qa5 Qd6 56. Qb5 Re7 57. Qc4 Re3 0-1

[Event "San Cristobal de La Laguna op"]
[Site "San Cristobal de La Laguna ES"]
[Date "2024.08.29"]
[Round "7.13"]
[White "Ivanov, Mike"]
[Black "Pulvett Marin, Daniel"]
[Result "1/2-1/2"]
[WhiteElo "2364"]
[BlackElo "2482"]
[WhiteFideId "-1"]
[WhiteFideId "-1"]
[PlyCount "31"]
[GameId "2130307537904489"]
[EventDate "2024.08.24"]
[EventType "swiss"]
[EventRounds "9"]
[EventCountry "ESP"]
[SourceTitle "10 Days #769"]
[Source "ChessMix "]
[SourceDate "2024.09.01"]
[SourceVersion "1"]
[SourceVersionDate "2024.09.01"]
[SourceQuality "1"]

1. Nf3 d5 2. g3 Nd7 3. d4 Nb6 4. Nc3 Bf5 5. a4 a5 6. Nh4 Bg4 7. h3 Bh5 8. Ng2 e6 9. Nf4 Bg6 10. Bg2 Nf6 11. Nxg6 hxg6 12. e4 Bb4 13. exd5 exd5 14. Qd3 Qe7+ 15. Kf1 O-O 16. Bg5 1/2-1/2

[Event "San Cristobal de La Laguna op"]
[Site "San Cristobal de La Laguna ES"]
[Date "2024.08.30"]
[Round "8.2"]
[White "Ivanov, Mike"]
[Black "Sosa, Tomas"]
[Result "1-0"]
[WhiteElo "2364"]
[BlackElo "2515"]
[WhiteFideId "-1"]
[WhiteFideId "-1"]
[PlyCount "81"]
[GameId "2130307537908619"]
[EventDate "2024.08.24"]
[EventType "swiss"]
[EventRounds "9"]
[EventCountry "ESP"]
[SourceTitle "10 Days #769"]
[Source "ChessMix "]
[SourceDate "2024.09.01"]
[SourceVersion "1"]
[SourceVersionDate "2024.09.01"]
[SourceQuality "1"]

1. Nc3 c5 2. e4 Nc6 3. Bb5 Nd4 4. Nf3 g6 5. Nxd4 cxd4 6. Ne2 Bg7 7. O-O a6 8. Ba4 b5 9. Bb3 Bb7 10. d3 e6 11. Qe1 Ne7 12. f3 h6 13. Bf4 e5 14. Bd2 d5 15. Qh4 Qd6 16. a4 b4 17. a5 Bc6 18. f4 exf4 19. Bxf4 Qd7 20. Bd2 Qd6 21. Rae1 g5 22. Qh5 O-O 23. Ng3 Rab8 24. exd5 Be8 25. Rxe7 Qxe7 26. Nf5 Qf6 27. h4 Kh7 28. hxg5 Qg6 29. Qh2 Rb7 30. Nxh6 f5 31. Nf7+ Kg8 32. Nd6 Ra7 33. Nxe8 Rxe8 34. d6+ Kf8 35. d7 Rxd7 36. Bxb4+ Rde7 37. Qf4 Bh8 38. Re1 Bg7 39. g4 Qh7 40. Rxe7 Rxe7 41. Qb8# 1-0

[Event "San Cristobal de La Laguna op-A 6th"]
[Site "San Cristobal de La Laguna"]
[Date "2024.08.31"]
[Round "9"]
[White "Fiorito, Francisco"]
[Black "Ivanov, Mike"]
[Result "1/2-1/2"]
[WhiteElo "2416"]
[BlackElo "2364"]
[WhiteFideId "-1"]
[WhiteFideId "-1"]
[PlyCount "83"]
[GameId "2107989759156798"]
[EventDate "2024.08.24"]
[EventType "swiss"]
[EventRounds "9"]
[EventCountry "ESP"]
[SourceTitle "CBM 221 Extra"]
[Source "ChessBase"]
[SourceDate "2024.09.30"]
[SourceVersion "1"]
[SourceVersionDate "2024.09.30"]
[SourceQuality "1"]

1. Nf3 Nf6 2. g3 b6 3. Bg2 Bb7 4. c4 g6 5. d4 Bg7 6. O-O O-O 7. h4 c5 8. d5 e6 9. Nc3 exd5 10. cxd5 Re8 11. Nd2 d6 12. Nde4 Nxe4 13. Nxe4 Na6 14. Bg5 f6 15. Bf4 Bf8 16. Nc3 Nc7 17. a4 a6 18. Qd3 Qd7 19. h5 Qf7 20. hxg6 hxg6 21. e4 Bc8 22. Rfb1 a5 23. Re1 Rb8 24. Bf1 Bd7 25. Qc2 Qh7 26. f3 Kg7 27. Qd2 g5 28. Be3 Be7 29. g4 Rh8 30. Qg2 Qg6 31. Bf2 Rh6 32. Bg3 Rbh8 33. Bd3 Bc8 34. Kf2 Na6 35. Rad1 Nb4 36. Bb1 Qe8 37. Nb5 Qd8 38. Rh1 Ba6 39. Rxh6 Rxh6 40. Rh1 Rxh1 41. Qxh1 Bxb5 42. axb5 1/2-1/2

[Event "Jesenik op-A"]
[Site "Jesenik CZE"]
[Date "2024.08.20"]
[Round "4.7"]
[White "Ivanov, Mike"]
[Black "Malcanek, Jan"]
[Result "1-0"]
[WhiteElo "2364"]
[BlackElo "2008"]
[WhiteFideId "-1"]
[WhiteFideId "-1"]
[PlyCount "103"]
[GameId "2130307539665877"]
[EventDate "2024.08.17"]
[EventType "swiss"]
[EventRounds "9"]
[EventCountry "CZE"]
[SourceTitle "10 Days #769"]
[Source "ChessMix "]
[SourceDate "2024.09.01"]
[SourceVersion "1"]
[SourceVersionDate "2024.09.01"]
[SourceQuality "1"]

1. g3 Nf6 2. Bg2 d5 3. Nf3 e6 4. O-O Be7 5. d3 O-O 6. Bf4 c5 7. a4 Bd6 8. Bxd6 Qxd6 9. e4 Nc6 10. Qe2 dxe4 11. dxe4 e5 12. c3 Bg4 13. Nbd2 Bxf3 14. Bxf3 Rfd8 15. Nc4 Qd3 16. Qxd3 Rxd3 17. Be2 Rdd8 18. f3 Ne8 19. Rfd1 b6 20. Kf2 Kf8 21. h4 f6 22. f4 exf4 23. gxf4 Rxd1 24. Rxd1 Rd8 25. Rg1 Nd6 26. Ke3 Nxc4+ 27. Bxc4 Rd6 28. h5 h6 29. Bd5 Ne7 30. Bb3 Nc6 31. Bc4 Rd8 32. Bb5 Ne7 33. e5 Kf7 34. Bc4+ Kf8 35. Be6 f5 36. Ke2 Nd5 37. Bxd5 Rxd5 38. Rg6 Rd7 39. Rc6 Ke7 40. a5 Rb7 41. axb6 Rxb6 42. Rc7+ Kf8 43. Rxa7 Rxb2+ 44. Kd3 Rf2 45. Kc4 Rxf4+ 46. Kd5 Re4 47. Ke6 Kg8 48. Ra8+ Kh7 49. Kxf5 Rh4 50. e6 Rxh5+ 51. Kf4 g5+ 52. Kg3 1-0

[Event "Jesenik op-A"]
[Site "Jesenik CZE"]
[Date "2024.08.21"]
[Round "5.3"]
[White "Richvalsky, Patrik"]
[Black "Ivanov, Mike"]
[Result "0-1"]
[WhiteElo "2112"]
[BlackElo "2364"]
[WhiteFideId "-1"]
[WhiteFideId "-1"]
[PlyCount "74"]
[GameId "2130307539665883"]
[EventDate "2024.08.17"]
[EventType "swiss"]
[EventRounds "9"]
[EventCountry "CZE"]
[SourceTitle "10 Days #769"]
[Source "ChessMix "]
[SourceDate "2024.09.01"]
[SourceVersion "1"]
[SourceVersionDate "2024.09.01"]
[SourceQuality "1"]

1. e4 e6 2. d4 d5 3. Nc3 Bb4 4. e5 c5 5. a3 Bxc3+ 6. bxc3 Nc6 7. Qg4 g6 8. Nf3 Qa5 9. Bd2 c4 10. a4 Bd7 11. h4 h6 12. h5 g5 13. Nh2 f6 14. exf6 Nxf6 15. Qe2 O-O-O 16. g3 Rhe8 17. Nf3 e5 18. Nxe5 Nxe5 19. dxe5 d4 20. Qxc4+ Bc6 21. cxd4 Rxe5+ 22. Be2 Rxe2+ 23. Kxe2 Qf5 24. Be3 Qf3+ 25. Kd3 Ne4 26. Qe6+ Kb8 27. Qe5+ Ka8 28. Rhe1 Nxf2+ 29. Kd2 Re8 30. Qg7 Ne4+ 31. Kc1 Qxg3 32. Bd2 Rc8 33. Qg6 Nxd2 34. Kxd2 Qf2+ 35. Kd3 Bb5+ 36. axb5 Qxc2+ 37. Ke3 Rc3+ 0-1

[Event "Slovak op"]
[Site "Skalica SVK"]
[Date "2024.08.03"]
[Round "1.8"]
[White "Ivanov, Mike"]
[Black "Rakovsky, Jakub"]
[Result "1-0"]
[WhiteElo "2364"]
[BlackElo "2089"]
[WhiteFideId "-1"]
[WhiteFideId "-1"]
[PlyCount "59"]
[GameId "2130307540495576"]
[EventDate "2024.08.03"]
[EventType "swiss"]
[EventRounds "9"]
[EventCountry "SVK"]
[SourceTitle "10 Days #768"]
[Source "ChessMix"]
[SourceDate "2024.08.20"]
[SourceVersion "1"]
[SourceVersionDate "2024.08.20"]
[SourceQuality "1"]

1. Nf3 Nf6 2. g3 g6 3. Bg2 Bg7 4. d4 d5 5. O-O O-O 6. Be3 b5 7. c3 Nbd7 8. a4 bxa4 9. Rxa4 Nb6 10. Ra2 Nc4 11. Bf4 Ne4 12. b3 Ncd6 13. Ne5 Bb7 14. Nd3 Qc8 15. f3 Nxc3 16. Nxc3 Bxd4+ 17. e3 Bxc3 18. Rc2 Bg7 19. Qc1 Qe8 20. Be5 f6 21. Ba1 c6 22. Nc5 Bc8 23. e4 Rb8 24. Rd1 e6 25. Qe3 Qf7 26. Rcd2 Nb5 27. f4 f5 28. exd5 cxd5 29. Bxg7 Kxg7 30. Qe5+ 1-0

[Event "Slovak op"]
[Site "Skalica SVK"]
[Date "2024.08.04"]
[Round "2.6"]
[White "Yekeler, Kerem Sarp"]
[Black "Ivanov, Mike"]
[Result "0-1"]
[WhiteElo "1890"]
[BlackElo "2364"]
[WhiteFideId "-1"]
[WhiteFideId "-1"]
[PlyCount "110"]
[GameId "2130307540495592"]
[EventDate "2024.08.03"]
[EventType "swiss"]
[EventRounds "9"]
[EventCountry "SVK"]
[SourceTitle "10 Days #768"]
[Source "ChessMix"]
[SourceDate "2024.08.20"]
[SourceVersion "1"]
[SourceVersionDate "2024.08.20"]
[SourceQuality "1"]

1. d4 Nf6 2. Nf3 b6 3. Bg5 Bb7 4. Nbd2 g6 5. Bxf6 exf6 6. e4 Bg7 7. Bd3 O-O 8. O-O d5 9. c3 Nd7 10. Qc2 c5 11. exd5 Bxd5 12. Bc4 Bb7 13. Qb3 cxd4 14. cxd4 Nb8 15. Rad1 Nc6 16. Qd3 Nb4 17. Qb3 Nd5 18. Rfe1 Rc8 19. Qa3 Nf4 20. Ba6 Bxa6 21. Qxa6 Qd7 22. Rc1 Rxc1 23. Rxc1 Re8 24. Kh1 Bh6 25. Qc4 Qg4 26. Qf1 Kg7 27. a3 Qf5 28. b4 Re2 29. Rd1 Qc2 30. Kg1 Re8 31. g3 Ne2+ 32. Kg2 Bxd2 33. Rxd2 Qe4 34. Qd1 Nc3 35. Qc2 Qxc2 36. Rxc2 Nd5 37. Kg1 Kf8 38. Kg2 h5 39. Rc6 Ke7 40. Kf1 Kd7 41. Rc1 a6 42. h4 Re4 43. Re1 Re6 44. Rxe6 fxe6 45. Ke2 Kc6 46. Kd3 Kb5 47. Ne1 Ka4 48. Nc2 Kb3 49. f4 b5 50. Kd2 Kc4 51. Na1 Ne7 52. Nc2 Nf5 53. Ne1 Kxd4 54. Nd3 Nxg3 55. Nc5 Ne4+ 0-1

[Event "Slovak op"]
[Site "Skalica SVK"]
[Date "2024.08.05"]
[Round "3.2"]
[White "Ivanov, Mike"]
[Black "Ouellet, Maili-Jade"]
[Result "1/2-1/2"]
[WhiteElo "2364"]
[BlackElo "2318"]
[WhiteFideId "-1"]
[WhiteFideId "-1"]
[PlyCount "71"]
[GameId "2130307540499702"]
[EventDate "2024.08.03"]
[EventType "swiss"]
[EventRounds "9"]
[EventCountry "SVK"]
[SourceTitle "10 Days #768"]
[Source "ChessMix"]
[SourceDate "2024.08.20"]
[SourceVersion "1"]
[SourceVersionDate "2024.08.20"]
[SourceQuality "1"]

1. e4 c5 2. Nf3 Nc6 3. Bb5 e6 4. O-O Nge7 5. c3 a6 6. Ba4 b5 7. Bc2 Bb7 8. Re1 Rc8 9. a4 Ng6 10. Na3 Qb6 11. Qe2 c4 12. axb5 axb5 13. d4 Na5 14. h4 b4 15. Nb1 b3 16. Bd1 Bd6 17. e5 Bb8 18. h5 Ne7 19. Nbd2 f5 20. exf6 gxf6 21. Ne4 Nd5 22. Nh4 Rf8 23. h6 Kd8 24. Qg4 Nc6 25. Qg7 Kc7 26. Nc5 Nce7 27. Qxh7 Rh8 28. Qf7 Rcf8 29. Qh5 Kc8 30. Bf3 Bc6 31. h7 f5 32. Bg5 Nf6 33. Bxf6 Rxf6 34. Na6 Bf4 35. Bxc6 Qxc6 36. Nb4 1/2-1/2

[Event "Slovak op"]
[Site "Skalica SVK"]
[Date "2024.08.05"]
[Round "4.1"]
[White "Ivanov, Mike"]
[Black "Jablonicky, Martin"]
[Result "1/2-1/2"]
[WhiteElo "2364"]
[BlackElo "2407"]
[WhiteFideId "-1"]
[WhiteFideId "-1"]
[PlyCount "90"]
[GameId "2130307540499719"]
[EventDate "2024.08.03"]
[EventType "swiss"]
[EventRounds "9"]
[EventCountry "SVK"]
[SourceTitle "10 Days #768"]
[Source "ChessMix"]
[SourceDate "2024.08.20"]
[SourceVersion "1"]
[SourceVersionDate "2024.08.20"]
[SourceQuality "1"]

1. Nf3 Nf6 2. g3 d5 3. Bg2 e6 4. O-O Be7 5. d3 c5 6. Nbd2 Nc6 7. e4 O-O 8. e5 Nd7 9. Re1 Qc7 10. Qe2 b5 11. h4 Bb7 12. Nf1 Rfc8 13. Bf4 Nd4 14. Nxd4 cxd4 15. Rec1 a5 16. Nh2 Ra6 17. Nf3 Bc5 18. a4 bxa4 19. Rxa4 Bc6 20. Ra2 a4 21. c3 Qa7 22. cxd4 Bxd4 23. Ra3 Bc5 24. Rac3 Bb4 25. R3c2 Qb6 26. Be3 Qb7 27. h5 a3 28. bxa3 Bxa3 29. Ra1 Bf8 30. Rac1 Raa8 31. Nd4 Ba4 32. Rxc8 Rxc8 33. Rxc8 Qxc8 34. f4 Qc3 35. f5 Bc5 36. fxe6 fxe6 37. Nxe6 Qc1+ 38. Kh2 Qxe3 39. Qg4 Qxe5 40. Nxc5 Nxc5 41. Qc8+ Kf7 42. Qxc5 Qxh5+ 43. Kg1 Qd1+ 44. Kh2 Qh5+ 45. Kg1 Qd1+ 1/2-1/2

[Event "Slovak op"]
[Site "Skalica SVK"]
[Date "2024.08.06"]
[Round "5.4"]
[White "Verbovsky, Michal"]
[Black "Ivanov, Mike"]
[Result "0-1"]
[WhiteElo "2194"]
[BlackElo "2364"]
[WhiteFideId "-1"]
[WhiteFideId "-1"]
[PlyCount "132"]
[GameId "2130307540499740"]
[EventDate "2024.08.03"]
[EventType "swiss"]
[EventRounds "9"]
[EventCountry "SVK"]
[SourceTitle "10 Days #768"]
[Source "ChessMix"]
[SourceDate "2024.08.20"]
[SourceVersion "1"]
[SourceVersionDate "2024.08.20"]
[SourceQuality "1"]

1. e4 Nf6 2. e5 Nd5 3. Nc3 Nxc3 4. dxc3 d6 5. Bc4 Nc6 6. Nf3 dxe5 7. Qxd8+ Nxd8 8. Nxe5 Bf5 9. Bd3 Bxd3 10. cxd3 g6 11. Kd1 Bg7 12. Re1 O-O 13. Kc2 Ne6 14. a4 Rfd8 15. Nc4 Rd5 16. Be3 a6 17. b4 Rad8 18. d4 b6 19. Rad1 h5 20. Bc1 Bf6 21. Ne3 R5d7 22. Nc4 Rd5 23. Ne3 R5d7 24. Nc4 b5 25. Ne5 Rd5 26. axb5 axb5 27. Nc6 Ra8 28. Na5 g5 29. Be3 Kh7 30. Ra1 c6 31. Nb3 Rdd8 32. Rxa8 Rxa8 33. Na5 Rc8 34. Ra1 Nc7 35. Nxc6 Nd5 36. Ra6 e6 37. Kb3 Kg6 38. c4 bxc4+ 39. Kxc4 Bd8 40. Kb3 Kf5 41. b5 g4 42. Ra7 Bc7 43. Bd2 Ke4 44. Bc3 f5 45. Ba5 Bxh2 46. Rh7 Bg1 47. Be1 Kd3 48. Rxh5 Ke2 49. Rh6 Kxe1 50. Rxe6+ Kxf2 51. Re5 Nb6 52. Rxf5+ Kxg2 53. Kb4 Rg8 54. Kc5 Nd7+ 55. Kd6 Nb8 56. Nxb8 Bh2+ 57. Ke7 Rxb8 58. Kd7 Rb6 59. Rc5 Bf4 60. d5 g3 61. Rc4 Kf3 62. Rc3+ Kg4 63. Rb3 g2 64. Rb1 Kh3 65. d6 Rxd6+ 66. Kc8 Rb6 0-1

[Event "Slovak op"]
[Site "Skalica SVK"]
[Date "2024.08.07"]
[Round "6.1"]
[White "Ivanov, Mike"]
[Black "Druska, Juraj"]
[Result "1/2-1/2"]
[WhiteElo "2364"]
[BlackElo "2447"]
[WhiteFideId "-1"]
[WhiteFideId "-1"]
[PlyCount "25"]
[GameId "2130307540499755"]
[EventDate "2024.08.03"]
[EventType "swiss"]
[EventRounds "9"]
[EventCountry "SVK"]
[SourceTitle "10 Days #768"]
[Source "ChessMix"]
[SourceDate "2024.08.20"]
[SourceVersion "1"]
[SourceVersionDate "2024.08.20"]
[SourceQuality "1"]

1. Nf3 Nf6 2. g3 d5 3. Bg2 e6 4. O-O Be7 5. d3 c5 6. c4 Nc6 7. cxd5 Nxd5 8. Nc3 O-O 9. d4 cxd4 10. Nxd4 Nxd4 11. Qxd4 Bf6 12. Qc4 Bxc3 13. bxc3 1/2-1/2

[Event "Slovak op"]
[Site "Skalica SVK"]
[Date "2024.08.08"]
[Round "7.1"]
[White "Polak, Tomas"]
[Black "Ivanov, Mike"]
[Result "1-0"]
[WhiteElo "2514"]
[BlackElo "2364"]
[WhiteFideId "-1"]
[WhiteFideId "-1"]
[PlyCount "53"]
[GameId "2130307540499772"]
[EventDate "2024.08.03"]
[EventType "swiss"]
[EventRounds "9"]
[EventCountry "SVK"]
[SourceTitle "10 Days #768"]
[Source "ChessMix"]
[SourceDate "2024.08.20"]
[SourceVersion "1"]
[SourceVersionDate "2024.08.20"]
[SourceQuality "1"]

1. d4 e6 2. c4 b6 3. Nc3 Bb4 4. e3 Bb7 5. Nge2 f5 6. a3 Be7 7. d5 Nf6 8. Nd4 c5 9. Nde2 a6 10. g3 b5 11. Bg2 bxc4 12. Nf4 Bd6 13. e4 exd5 14. exf5 Qe7+ 15. Kf1 Qe5 16. Nfxd5 Nxd5 17. Nxd5 O-O 18. Bf4 Qxf5 19. Ne3 Bxg2+ 20. Kxg2 Qe4+ 21. f3 Qb7 22. Bxd6 Qxb2+ 23. Kh3 Rf6 24. Qd5+ Re6 25. Rab1 Qd4 26. Bxb8 Qxe3 27. Bf4 1-0

[Event "Slovak op"]
[Site "Skalica SVK"]
[Date "2024.08.09"]
[Round "8.3"]
[White "Frank, Adam"]
[Black "Ivanov, Mike"]
[Result "1-0"]
[WhiteElo "2364"]
[BlackElo "2364"]
[WhiteFideId "-1"]
[WhiteFideId "-1"]
[PlyCount "73"]
[GameId "2130307540499792"]
[EventDate "2024.08.03"]
[EventType "swiss"]
[EventRounds "9"]
[EventCountry "SVK"]
[SourceTitle "10 Days #768"]
[Source "ChessMix"]
[SourceDate "2024.08.20"]
[SourceVersion "1"]
[SourceVersionDate "2024.08.20"]
[SourceQuality "1"]

1. e4 e6 2. d4 d5 3. Nd2 c5 4. Ngf3 cxd4 5. Nxd4 Nc6 6. Bb5 Bd7 7. Nxc6 bxc6 8. Bd3 Bd6 9. Qe2 e5 10. exd5 cxd5 11. c4 Ne7 12. cxd5 Nxd5 13. Be4 Nf4 14. Qa6 Bc5 15. O-O Rc8 16. Nb3 Bb6 17. Bxf4 exf4 18. Rad1 O-O 19. Bxh7+ Kxh7 20. Qd3+ Kg8 21. Qxd7 Qf6 22. Rd2 f3 23. g3 Rcd8 24. Qg4 Rfe8 25. a4 a6 26. h4 Ba7 27. h5 Kh8 28. Rfd1 Rb8 29. Nd4 Bxd4 30. Rxd4 Rb7 31. Rf4 Qxb2 32. Qxf3 Qc2 33. Kg2 Ree7 34. Rd6 Qc1 35. Rd8+ Kh7 36. Qd3+ g6 37. Rxf7+ 1-0